| 000 | 00401nam a2200133Ia 4500 | ||
|---|---|---|---|
| 008 | 210430s9999 xx 000 0 und d | ||
| 020 | _a10-444-51518-6 | ||
| 082 | _a662 E 5668 E | ||
| 100 |
_aPeter Politzer _953006 |
||
| 245 |
_aEnergetic Materials Part 1. Decomposition,Crystal and Molecular Properties _cPeter Politzer |
||
| 260 |
_aNew york _bElsevier _c2003 |
||
| 300 | _a465p | ||
| 942 |
_cBK _2ddc |
||
| 999 |
_c562544 _d562544 |
||